Ciudades con Aeropuertos en Chile - Estadísticas

Estadísticas generales
  • Esta prueba ha sido intentada 91 veces
  • La puntuación promedio es 13 de 17
Estadísticas de respuestas
Región Localidad % Correcto
Región de Arica y Parinacota Villa Frontera (Arica)
97%
Región Metropolitana Pudahuel (Santiago)
96%
Región de Antofagasta Antofagasta
94%
Región de Los Lagos Puerto Montt
94%
Región de Biobío Talcahuano (Concepción)
92%
Región de la Araucanía Freire (Temuco)
90%
Región de Coquimbo La Serena
90%
Región de Magallanes Punta Arenas
89%
Región de Tarapacá Iquique
85%
Región de Los Ríos Mariquina (Valdivia)
82%
Región de Antofagasta Calama
78%
Región de Atacama Caldera (Copiapó)
76%
Región de Los Lagos Osorno
74%
Región de Aysén Balmaceda (Coyhaique)
71%
Región de Magallanes Puerto Natales
61%
Región de Los Lagos Dalcahue (Castro)
46%
Región de Valparaíso Hanga Roa
32%
No se encontraron pruebas coincidentes
Distribución de puntuación
Porcentaje de gente con cada puntuación
Porcentaje por número respondido
Historial de tus puntuaciones
No has intentado esta prueba.